000 00250nam a2200109Ia 4500
008 220623s9999 xx 000 0 und d
020 _a868122386
082 _aAF LERO
100 _aLe Roux D
_9142032
245 0 _aKoetsrit na onheil
942 _cBK
_w561
_xJohn Tresidder
_y561
_zJohn Tresidder
999 _c674758
_d674757